LEADER 01107nam0 22002891i 450 001 UON00129165 005 20231205102749.70 010 $a27-363-0005-x 100 $a20020107d1986 |0itac50 ba 101 $afre 102 $aFR 105 $a|||| 1|||| 200 1 $aCorsica classica$ela Corse dans les textes antiques du VIIe siecle avant J. C. au Xe siecle de notre ere$fOlivier Jehasse 205 $a2e edition 210 $a[S.l.]$cLa Marge$d1989 215 $a186 p., 1 c. geogr.$d24 cm 606 $aLINGUE ITALICHE ANTICHE$xCorso$3UONC030771$2FI 606 $aCORSICA$xEtà classica$3UONC030772$2FI 676 $a479$cLingue italiche antiche$v21 700 1$aJEHASSE$bOlivier$3UONV079485$0668160 712 $aLa Marge$3UONV262613$4650 801 $aIT$bSOL$c20240220$gRICA 899 $aSIBA - SISTEMA BIBLIOTECARIO DI ATENEO$2UONSI 912 $aUON00129165 950 $aSIBA - SISTEMA BIBLIOTECARIO DI ATENEO$dSI GLOTT B 11 III 043 $eSI MC 11424 5 043 996 $aCorsica classica$91319415 997 $aUNIOR LEADER 01676nam0 22003853i 450 001 NAP0490869 005 20251003044253.0 010 $a9781848822122 100 $a20100517d2010 ||||0itac50 ba 101 | $aeng 102 $agb 181 1$6z01$ai $bxxxe 182 1$6z01$an 200 1 $aSimulation methods for reliability and availability of complex systems$fJavier Faulin ... [et al.], editors 210 $aLondon [etc]$cSpringer$d2010 215 $aXVII, 315 p.$cill.$d25 cm. 225 | $aSpringer series in reliability engineering 410 0$1001MIL0689934$12001 $aSpringer series in reliability engineering 606 $aAffidabilità $2FIR$3CFIC009866$9I 606 $aIngegneria dei sistemi$xSimulazione $2FIR$3NAPC281002$9I 676 $a620$9INGEGNERIA E ATTIVITA' AFFINI$v14 676 $a620.00452$9INGEGNERIA E ATTIVITA' AFFINI. AFFIDABILITA'$v22 696 $aSimulazione $aScienza dei sistemi$aSistemistica 699 $aSimulazione $zSimulazione 699 $aIngegneria dei sistemi$yScienza dei sistemi 699 $aIngegneria dei sistemi$ySistemistica 702 1$aFaulin$b, Javier$3NAPV115155 801 3$aIT$bIT-000000$c20100517 850 $aIT-BN0095 901 $bNAP 01$cSALA DING $n$ 912 $aNAP0490869 950 0$aBiblioteca Centralizzata di Ateneo$c1 v.$d 01SALA DING 620 SIMMFR$e 0102 0000081915 VMA A4 1 v.$fY $h20100513$i20100513 977 $a 01 996 $aSimulation methods for reliability and availability of complex systems$91573476 997 $aUNISANNIO